| 000 | 01058nam a22002297a 4500 | ||
|---|---|---|---|
| 003 | OSt | ||
| 005 | 20251126112444.0 | ||
| 008 | 251126b |||||||| |||| 00| 0 eng d | ||
| 020 | _a8571645671 | ||
| 040 | _cNolita | ||
| 041 | _aPortuguês | ||
| 100 | 1 |
_aFisher, M. F. K. _q(Mary Frances Kennedy), _d1908-1992 _91657 |
|
| 240 | _a[An alphabet for gourmets] | ||
| 245 |
_aUm alfabeto para gourmets / _cMFK Fisher ; tradução: Celso Nogueira |
||
| 260 |
_aSão Paulo : _bCompanhia das Letras, _c1996 |
||
| 300 |
_a260 p. ; _c19 cm |
||
| 500 | _aInclui índice. Tradução de: An alphabet for gourmets. | ||
| 520 | _aColetânea de ensaios culinários organizada alfabeticamente, nos quais M. F. K. Fisher combina memórias pessoais, reflexões sensoriais e observações culturais sobre comida. A autora explora ingredientes, pratos, hábitos gastronômicos e experiências de vida, compondo uma obra literária que une gastronomia e narrativa autobiográfica. | ||
| 650 | 0 |
_aGastronomia _xMiscelânea _9773 |
|
| 650 | 0 |
_aCulinária _98 |
|
| 942 |
_2ddc _cBK _n0 |
||
| 999 |
_c1012 _d1012 |
||